000 02741nam a2200253 a 4500
001 000022633
005 20200930021716.0
008 101014s1982 dr ac 001 0 spa d
040 _aDO-SdBNP
_bspa
_cBNPHU
082 _a940.5451
_bW766s
100 1 _aWindt Lavandier, César de,
_d1912-2007
_946578
245 1 3 _aLa Segunda Guerra Mundial y los submarinos alemanes en el Caribe /
_cCésar de Windt Lavandier.
260 _aSan Pedro de Macorís :
_bUniversidad Central del Este,
_c1982.
300 _a367 p. :
_bil., mapas ;
_c23 cm.
504 _aBibliografía : p. 362
505 0 _tEl autor y la obra --
_tAl lector --
_gParte 1. La guerra submarina en aguas americanas --
_tAntecedentes de la guerra submarina en América --
_tEl punto de vista Estados Unidos --
_tLa neutralidad de Rosevelt --
_tEl bloqueo de las Islas Británicas --
_tEl caso del vapor Hannover --
_tSubmarinos alemanes en América --
_tLa operación Tambor Batiente (Paukenschlag) --
_tOperación Neuland --
_tLa prensa recoge la situación en Curazao --
_tSabotaje --
_tLa masacre --
_tLa República Dominicana --
_gParte 2. Una nueva nave, una nueva forma de hacer la guerra--
_tEl submarino --
_tLa nueva táctica --
_tLos grandes navíos y los submarinos --
_tEl criterio del almirante Doenitz --
_tEl criterio del mariscal Goering --
_tEl arma secreta --
_tEl convoy ONS5 --
_tEl submarino U-570 --
_tWerner Harsteinsten --
_tAntecedentes sobre hundimientos del Atlantic, " Phyton" y el U-111 -176 --
_tEl hundimiento de U-176 --
_tEl U-126 y el corsario Atlantic --
_tSubmarinos destruidos en o cerca Mar Caribe y Golfo de México --
_gParte 3. La guerra submarina y la marina dominicana --
_tIntroducción --
_tHundimiento del vapor "Presidente Trujillo " --
_tHundimiento del S.S. del Valle --
_tEl hundimiento del vapor Presidente Trujillo --
_tLa campaña submarina del eje con el Caribe --
_tUn submarino nazi entró a Martinica --
_tBuques hundidos en el Caribe --
_tLos submarinos del eje hundieron el petrolero de México "Potrero del Llano" --
_tLos comandantes Lassen y Emmermann --
_tLas goletas Carmen y Nueva Altagracia --
_tOtros hundidos --
_tLa prensa informa.
505 0 _gApéndice --
_tBuques hundidos por los submarinos alemanes en el Mar Caribe durante el año 1942 y suerte que corrieron dichos submarinos --
_tCapitanes de submarinos alemanes, famosos por sus campañas en el Mar Caribe --
_tExitos de los submarinos en el Mar Caribe --
_tBibliografía.
590 _aInventariado, 2020/YL
650 4 _aGuerra mundial ii, 1939-1945
_xOperaciones navales alemanas
_946580
650 4 _aGuerra mundial ii, 1939-1945
_xOperaciones navales submarinas
_946579
650 4 _aGuerra submarina
_946581
650 4 _aSubmarinos
_946582
910 _aValidado. Control de calidad BNPHU
999 _c22130
_d22130